A Survey of American Literature : určeno pro posl. fak. pedagog. a filosof. Part 2, Anthology /

Hlavní autor: Oliveriusová, Eva, 1928-2020
Korporativní autor: Univerzita Karlova. Pedagogická fakulta (Praha, Česko)
Jazyk: Angličtina
Vydáno: Praha : SPN, 1982
Vydání: 2. vyd.
Edice: Učební texty vysokých škol
Témata:
Fyzický popis: 118 s.
Knihy
Uloženo v:
LEADER 01316nam a2200325 a 4500
001 000447439
003 CZ BrMZK
005 20230520084422.0
007 ta
008 970410s1982 xr f eng d
015 |a cnb000004605 
035 |a (OCoLC)85371078 
040 |a BOA001  |b cze 
080 |a 820(73)(075.8)  |2 MRF 
100 1 |a Oliveriusová, Eva,  |d 1928-2020  |7 jk01091061  |4 aut 
245 1 2 |a A Survey of American Literature :  |b určeno pro posl. fak. pedagog. a filosof.  |n Part 2,  |p Anthology /  |c Eva Oliveriusová 
246 3 0 |a Anthology 
250 |a 2. vyd. 
260 |a Praha :  |b SPN,  |c 1982 
300 |a 118 s. 
490 1 |a Učební texty vysokých škol 
550 |a Vydavatel: Univerzita Karlova v Praze, Pedagogická fakulta 
710 2 |a Univerzita Karlova.  |b Pedagogická fakulta (Praha, Česko)  |7 kn20010710353 
830 0 |a Učební texty vysokých škol 
910 |a BOA001  |b 4-0856.894,2  |b PK-N-0017.918,2-82 
964 |a Literatura americká - dějiny - učebnice - školy vysoké 
964 |a Literatura americká - čítanky - školy vysoké 
990 |a BK 
996 6 |b 2610104343  |c 4-0856.894,2  |l MZK  |r Sklad / do 1 hodiny  |n 1  |p dar ; xerox  |w 000447439  |u 000020  |a 1  |e BOA001  |j MZK50  |s P 
996 7 |b 3119905232  |c PK-N-0017.918,2-82  |l MZK  |r Sklad / do 1 hodiny  |n 13  |w 000447439  |u 000030  |a 1  |e BOA001  |j MZK50  |s A